000 00718nam a2200289Ia 4500
005 20260324113703.0
008 008 260324s9999 xx 000 0 eng d
020 _a9781003382836
037 _aEBOOK
040 _aCRL
040 _beng
040 _cCRL
041 _2eng
041 _aeng
084 _qCRL
100 _aClaire Holmes
245 0 _aLeaving Well Activity Book
245 0 _bTherapeutic Activities to Support Kids Aged 6-12 who are Moving to a New Country
260 _bTaylor and Francis
260 _c2023
365 _a
365 _b62.99
856 _uhttp://www.taylorfrancis.com/books/9781003382836
942 _cEBOOK
999 _c1737557
_d1737557